Laporan awal pelan pembangunan pendidikan Malaysia 2013-2025

Bibliographic Details
Corporate Author: Malaysia . Kementerian Pelajaran
Format: Book
Language:English
Published: Kuala Lumpur : Kementerian Pelajaran Malaysia , 2012
Subjects:

MARC

LEADER 00000cam a2200000 7i4500
001 0000025505
005 20140912.0
008 170714 my a eng
040 |a INS 
090 0 0 |a LA1236   |b L37 2012 
245 1 0 |a Laporan awal pelan pembangunan pendidikan Malaysia 2013-2025 
260 |a Kuala Lumpur :   |b Kementerian Pelajaran Malaysia ,   |c 2012 
300 |a 42ms :   |b ill ;   |c 30cm. 
650 0 |a Education and state   |z Malaysia 
650 0 |a Educational planning   |z Malaysia 
650 0 |a Education   |x Aims and objectives   |z Malaysia 
650 0 |a Education   |z Malaysia 
710 1 |a Malaysia .   |b Kementerian Pelajaran 
999 |a 1000001819   |b BOOK   |c Open Shelf   |e Default branch